000 00596 a2200181 4500
010 _aENG-86100
020 _a8120332232
_c495.00
035 _aEN-69633
037 _bDBAD / PUB
082 1 4 _a330.019
245 1 _aHandbook of contemporary behavioral economics :
_cedited by Morris Altman
_bfoundations and development /
260 _aNew Delhi
_bPrentice Hall of India
_c2007
270 _aM-97, Cannaught Circus,
_bNew Delhi
_e110 001
300 _axxii, 762 p.
_c24 cm. (Pbk.)
500 _aIncludes index
700 1 _aAltman, Morris
942 _adpl
_cEN
_2ddc
_h330.019
_mHAN
999 _c4117
_d4117